000 00629cam a22002535i 4500
001 18381187
005 20180828041529.0
008 141117s2014 iau 000 0 eng
010 _a 2014957125
020 _a9781259176494 (alk. paper)
020 _a1259176495
040 _aDLC
_beng
_cDLC
_erda
_dDLC
041 _aeng
042 _apcc
080 _a330.722.6
082 _2330.722.6
100 1 _a62
101 _aKM
245 1 0 _aManagerial accounting /
_cJohn J. Wild, Ken W. Shaw.
263 _a1412
906 _a0
_bibc
_corignew
_d2
_eepcn
_f20
_gy-gencatlg
942 _2ddc
_cBK
999 _c47358
_d47358